| Поле | Инд. | ПП | Название | Значение |
|---|---|---|---|---|
| Тип записи | a | |||
| Библиографический уровень | m | |||
| 001 | Контрольный номер | fbfa3087e78d41ac9e797376397df740 | ||
| 005 | Дата корректировки | 20260611093015.9 | ||
| 040 | a | Служба первич. каталог. | 10013504 | |
| b | Код языка каталог. | rus | ||
| e | Правила каталог. | PSBO | ||
| 041 | 0_ | a | Код языка текста | rus |
| 084 | a | Индекс другой классификации/Индекс ББК | доп. | |
| 090 | a | Полочн. индекс | А13(06) | |
| x | Авторский знак | М 825 | ||
| r | Идентификатор организации | 10013504 | ||
| 110 | 2_ | a | Организация/ юрисдикция | Московский авиационный институт им. С. Орджоникидзе |
| 245 | 10 | a | Заглавие | Труды института |
| n | Номер части/ раздела | Вып. 216 | ||
| p | Название части/ раздела | Статистический расчет самонастраивающихся систем управления : сборник статей | ||
| c | Ответственность | под ред. В.И. Козлова; МАИ им. С.Орджоникидзе | ||
| 246 | 03 | a | Другая форма заглавия | Труды МАИ |
| 246 | 03 | a | Другая форма заглавия | Труды МАИ - 1970 |
| 246 | 03 | a | Другая форма заглавия | Труды МАИ - Вып. 216 |
| 260 | a | Место издания | Москва | |
| c | Дата издания | 1970 | ||
| b | Издательство | МАИ | ||
| 300 | a | Объем | 182 с., 1 л. вкл. | |
| b | Иллюстрации/ тип воспроизводства | ил. | ||
| 504 | a | Библиография | Библиогр. в конце ст. | |
| 653 | 0_ | a | Ключевые слова | ТРУДЫ МАИ; ТРУДЫ МАИ - 1970; ТРУДЫ МАИ - ВЫП. 216; АВТОР МАИ |
| 700 | 12 | a | Другие авторы | Козлов В.И. |
| e | Роль лиц | Редактор | ||
| 901 | t | Тип документа | m | |
| 952 | a | Тип литературы для КСУ ВШ | КНР | |
| c | Вид литературы | монография |